Life of the Earl of Derby, K.G. / (Record no. 156583)

MARC details
000 -LEADER
campo de control de longitud fija 00732nam a22002055i 4500
001 - NÚMERO DE CONTROL
campo de control 156583
003 - IDENTIFICADOR DE NÚMERO DE CONTROL
campo de control ES-MaACL
005 - FECHA Y HORA DE LA ÚLTIMA TRANSACCIÓN
campo de control 20230906210440.0
008 - DATOS DE LONGITUD FIJA--INFORMACIÓN GENERAL
campo de control de longitud fija 040802s1890 xxk |||| | eng d
040 ## - FUENTE DE CATALOGACIÓN
Centro catalogador/agencia de origen CAM
Lengua de catalogación spa
Centro/agencia transcriptor CAM
100 1# - ENTRADA PRINCIPAL--NOMBRE DE PERSONA
Nombre de persona Kebbel, Thomas Edward.
9 (RLIN) 128437
245 10 - MENCIÓN DEL TÍTULO
Título Life of the Earl of Derby, K.G. /
Mención de responsabilidad, etc. by T.E. Kebbell.
260 ## - PUBLICACIÓN, DISTRIBUCIÓN, ETC.
Lugar de publicación, distribución, etc. London :
Nombre del editor, distribuidor, etc. W.H. Allen & co.,
Fecha de publicación, distribución, etc. 1890.
300 ## - DESCRIPCIÓN FÍSICA
Extensión XII, 220 p. ;
Dimensiones 19 cm.
490 1# - MENCIÓN DE SERIE
Mención de serie The Statesmen series / edited by Lloyd C. Sanders
600 14 - PUNTO DE ACCESO ADICIONAL DE MATERIA--NOMBRE DE PERSONA
Nombre de persona Stanley, Edward George Geoffrey Smith
Títulos y otros términos asociados al nombre Earl of Derby-
Subdivisión general Biografías.
9 (RLIN) 132884
830 0# - PUNTO DE ACCESO ADICIONAL DE SERIE-TÍTULO UNIFORME
Título uniforme The Statesmen series / edited by Lloyd C. Sanders
9 (RLIN) 188078
852 ## - LOCALIZACIÓN
Ubicación ES-MaACL
Número de control de estantería G-10480
Nota libre -- Enc. tela
Holdings
Estatus retirado Estado de pérdida Estado de daño No para préstamo Colección Biblioteca de origen Biblioteca actual Ubicación en estantería Fecha de adquisición Fuente de adquisición Total de préstamos Signatura topográfica completa Código de barras Visto por última vez Precio de reemplazo Tipo de ítem Koha
        Libros del s. XIX Biblioteca del Ateneo de Madrid Biblioteca del Ateneo de Madrid Sala Pecera Planta 3 17/01/2008     G-10480 1163824 23/02/2023 23/02/2023 Libro impreso antiguo